[Event "Julius Baer Rapid Div 2 W"]
[Site "chess.com INT"]
[Date "2023.08.30"]
[Round "1.3"]
[White "Artemiev, Vladislav"]
[Black "Alekseev, Evgeny"]
[Result "1-0"]
[WhiteTitle "GM"]
[BlackTitle "GM"]
[WhiteElo "2698"]
[BlackElo "2573"]
[WhiteFideId "24101605"]
[BlackFideId "4138147"]
[EventDate "2023.08.30"]
[EventType "k.o."]

1. Nf3 c5 2. b3 Nc6 3. Bb2 Nf6 4. g3 g6 5. c4 Bg7 6. Bg2 d6 7. d4 cxd4 8. Nxd4
Bd7 9. Nc2 h5 10. Nc3 O-O 11. O-O h4 12. gxh4 Kh7 13. Nd5 Nxd5 14. Bxg7 Kxg7 15.
cxd5 Ne5 16. h3 f6 17. f4 Nf7 18. Nd4 Rh8 19. Qe1 Rc8 20. Qg3 Qb6 21. Rad1 Nh6
22. e4 Nf7 23. Kh2 Qa5 24. Bf3 Rc3 25. Rg1 Rh6 26. Qe1 Qc5 27. Bg4 Bxg4 28. hxg4
Kg8 29. Rg2 b5 30. Ne6 Qc8 31. Qf2 b4 32. Rf1 a5 33. g5 fxg5 34. fxg5 Rh7 35.
Kg1 Rh3 36. Rg4 Qc3 37. Kg2 Rd3 38. Re1 Rd2 39. Re2 Rd1 40. Rf4 Qc1 41. Rc2 Rg1+
42. Qxg1 Qxc2+ 43. Qf2 Qd3 44. Qa7 Qe2+ 45. Kg3 Qe1+ 46. Kg2 Qe2+ 47. Qf2 Qd3
48. Rg4 Qd1 49. Kg3 Qd3+ 50. Kh2 Qd1 51. Rf4 Qd3 52. Qb2 Qe3 53. Qc2 Qc3 54.
Qxc3 bxc3 55. Kg3 1-0

[Event "Julius Baer Rapid Div 2 W"]
[Site "chess.com INT"]
[Date "2023.08.30"]
[Round "1.4"]
[White "Aronian, Levon"]
[Black "Mamedov, Rauf"]
[Result "1/2-1/2"]
[WhiteTitle "GM"]
[BlackTitle "GM"]
[WhiteElo "2742"]
[BlackElo "2633"]
[WhiteFideId "13300474"]
[BlackFideId "13401653"]
[EventDate "2023.08.30"]
[EventType "k.o."]

1. e4 c5 2. Nf3 g6 3. c3 d5 4. e5 Bg4 5. Bb5+ Nc6 6. Bxc6+ bxc6 7. O-O Nh6 8. d3
Bg7 9. Re1 Nf5 10. Nbd2 Nh4 11. Qa4 Nxf3+ 12. Nxf3 Qd7 13. Ng5 Bf5 14. d4 cxd4
15. cxd4 O-O 16. b3 f6 17. Nf3 Be4 18. Nd2 fxe5 19. Nxe4 dxe4 20. dxe5 Bxe5 21.
Rb1 Bd4 22. Be3 Bxe3 23. Qc4+ Qd5 24. Rxe3 Qxc4 25. bxc4 Rab8 26. Rbb3 Rbd8 27.
Kf1 Rd4 28. Rb7 Rf7 29. c5 e5 30. Rb8+ Kg7 31. Rc8 Rb7 32. Rb3 Rf7 33. Re3 Rd2
34. Re2 Rd1+ 35. Re1 Rd2 36. Re2 Rd1+ 37. Re1 Rd2 38. Re2 1/2-1/2

[Event "Julius Baer Rapid Div 2 W"]
[Site "chess.com INT"]
[Date "2023.08.30"]
[Round "1.4"]
[White "Fedoseev, Vladimir3"]
[Black "Esipenko, Andrey"]
[Result "1-0"]
[WhiteTitle "GM"]
[BlackTitle "GM"]
[WhiteElo "2676"]
[BlackElo "2683"]
[WhiteFideId "24130737"]
[BlackFideId "24175439"]
[EventDate "2023.08.30"]
[EventType "k.o."]

1. d4 d5 2. Nf3 Nf6 3. Bf4 c5 4. e3 Nc6 5. Be2 Bg4 6. dxc5 e6 7. h3 Bh5 8. Nbd2
Bxc5 9. O-O O-O 10. c4 Bd6 11. cxd5 Nxd5 12. Bxd6 Qxd6 13. Rc1 Rfd8 14. a3 Rac8
15. Qa4 Qe7 16. Rfd1 a6 17. Ne4 Ne5 18. g4 Nxf3+ 19. Bxf3 Bg6 20. Qa5 h6 21. Kg2
h5 22. Ng3 hxg4 23. hxg4 Bc2 24. Rh1 Qc7 25. Qxc7 Rxc7 26. Ne2 Rdc8 27. Bxd5
exd5 28. Kg3 f6 29. Rh5 Be4 30. Rxc7 Rxc7 31. Nc3 g6 32. Rh2 Rc5 33. f3 Bd3 34.
Rd2 Bc4 35. b4 Rc6 36. Nxd5 Bxd5 37. Rxd5 Rc3 38. Rd8+ Kf7 39. Rd7+ Ke6 40. Rxb7
Rxa3 41. Rb6+ Kf7 42. Kf4 a5 43. b5 Ra4+ 44. e4 Rb4 45. g5 f5 46. Rb7+ Ke8 47.
Rg7 fxe4 48. fxe4 Rxb5 49. Rxg6 Rb1 50. Ra6 Kf7 51. Rxa5 Rf1+ 52. Kg4 Kg6 53.
Ra6+ Kg7 54. e5 Rb1 55. Rf6 Rb8 56. Kf5 Rb5 57. g6 Rb7 58. Rd6 Ra7 59. Kg5 Rb7
60. Ra6 Rc7 61. Ra5 Rb7 62. e6 Rb1 63. Ra7+ Kf8 64. Rf7+ Kg8 65. e7 Rg1+ 66. Kh5
Rh1+ 67. Kg4 Rg1+ 68. Kh3 1-0

[Event "Julius Baer Rapid Div 2 W"]
[Site "chess.com INT"]
[Date "2023.08.30"]
[Round "1.4"]
[White "Amin, Bassem"]
[Black "Yakubboev, Nodirbek"]
[Result "0-1"]
[WhiteTitle "GM"]
[BlackTitle "GM"]
[WhiteElo "2684"]
[BlackElo "2630"]
[WhiteFideId "10601457"]
[BlackFideId "14203987"]
[EventDate "2023.08.30"]
[EventType "k.o."]

1. Nf3 c5 2. g3 Nf6 3. Bg2 d5 4. O-O e6 5. d3 Nc6 6. Nbd2 Be7 7. e4 O-O 8. Re1
b5 9. exd5 exd5 10. a4 b4 11. d4 cxd4 12. Nb3 Ne4 13. Nfxd4 Nxd4 14. Nxd4 Qd7
15. Be3 Bf6 16. Qe2 a6 17. Red1 Re8 18. Nb3 Qc7 19. Bd4 Bf5 20. Qf3 Bg6 21. h4
h6 22. Rac1 a5 23. c3 Qc4 24. cxb4 Qxb4 25. Bxf6 Nxf6 26. Rd4 Qb6 27. Bf1 Re4
28. Qc3 Bf5 29. Nc5 Rxd4 30. Qxd4 h5 31. Bb5 Rc8 32. Rc3 Ne4 33. Nb3 Qd8 34.
Rxc8 Bxc8 35. Nd2 Nxd2 36. Qxd2 d4 37. b4 axb4 38. Qxb4 d3 39. Qd2 Bf5 40. a5
Qd5 41. Ba4 Bh3 42. f3 Qxf3 43. Kh2 Qe2+ 0-1

[Event "Julius Baer Rapid Div 2 W"]
[Site "chess.com INT"]
[Date "2023.08.30"]
[Round "1.4"]
[White "Alekseev, Evgeny"]
[Black "Artemiev, Vladislav"]
[Result "1/2-1/2"]
[WhiteTitle "GM"]
[BlackTitle "GM"]
[WhiteElo "2573"]
[BlackElo "2698"]
[WhiteFideId "4138147"]
[BlackFideId "24101605"]
[EventDate "2023.08.30"]
[EventType "k.o."]

1. e4 e5 2. Nf3 Nc6 3. Bc4 Bc5 4. c3 Nf6 5. d3 d6 6. O-O a5 7. Re1 Ba7 8. Bb3
O-O 9. h3 h6 10. Nbd2 b5 11. Nf1 a4 12. Bc2 d5 13. Ng3 dxe4 14. dxe4 Qxd1 15.
Bxd1 Be6 16. Be2 Rab8 17. Bd2 Rfd8 18. Reb1 Bc5 19. Be1 Ne8 20. b4 axb3 21. axb3
Nd6 22. b4 Bb6 23. Nd2 Ra8 24. Kf1 g6 25. Bd3 f5 26. Ke2 Kf7 27. f3 f4 28. Nh1
g5 29. Bf2 h5 30. Bxb6 cxb6 31. Nf2 Kf6 32. Bc2 Bc4+ 33. Ke1 Ke7 34. Nd3 Ba2 35.
Rc1 Be6 36. Ke2 Nc4 37. Nxc4 bxc4 38. Nf2 b5 39. Rg1 Kf6 40. Rge1 Ke7 1/2-1/2

[Event "Julius Baer Rapid Div 2 W"]
[Site "chess.com INT"]
[Date "2023.08.30"]
[Round "1.5"]
[White "Mamedov, Rauf"]
[Black "Aronian, Levon"]
[Result "1/2-1/2"]
[WhiteTitle "GM"]
[BlackTitle "GM"]
[WhiteElo "2633"]
[BlackElo "2742"]
[WhiteFideId "13401653"]
[BlackFideId "13300474"]
[EventDate "2023.08.30"]
[EventType "k.o."]

1. e4 e5 2. Nf3 Nf6 3. d3 Nc6 4. g3 g6 5. Bg2 Bg7 6. O-O O-O 7. c4 d6 8. Nc3 Bg4
9. h3 Bxf3 10. Bxf3 Nd4 11. Bg2 c6 12. Rb1 a5 13. Kh2 Nd7 14. Ne2 Nxe2 15. Qxe2
Nc5 16. h4 Ne6 17. h5 Bf6 18. Qg4 Rb8 19. f4 exf4 20. gxf4 b5 21. b3 bxc4 22.
dxc4 Bd4 23. Rf3 Qf6 24. f5 Be5+ 25. Kh1 Nd4 26. Bg5 Qh8 27. Rh3 Qg7 28. Rd1
gxf5 29. Qh4 Kh8 30. h6 Qg6 31. Rxd4 Rg8 32. Rg3 f6 33. Bf4 Qxg3 34. Bxg3 Rxg3
35. exf5 Rbg8 36. Re4 Rxg2 37. Rxe5 Rg1+ 38. Kh2 R1g2+ 39. Kh3 R2g3+ 40. Qxg3
Rxg3+ 41. Kxg3 dxe5 42. a4 Kg8 43. b4 axb4 44. a5 b3 45. a6 b2 46. a7 b1=Q 47.
a8=Q+ Kf7 48. Qa7+ Ke8 49. Qa8+ Kd7 50. Qa7+ Ke8 51. Qxh7 Qd3+ 52. Kg4 Qe2+ 53.
Kh4 Qh2+ 54. Kg4 Qg2+ 55. Kh4 Qh2+ 56. Kg4 Qg2+ 57. Kh4 Qh2+ 1/2-1/2

[Event "Julius Baer Rapid Div 2 W"]
[Site "chess.com INT"]
[Date "2023.08.30"]
[Round "1.5"]
[White "Yakubboev, Nodirbek"]
[Black "Amin, Bassem"]
[Result "1/2-1/2"]
[WhiteTitle "GM"]
[BlackTitle "GM"]
[WhiteElo "2630"]
[BlackElo "2684"]
[WhiteFideId "14203987"]
[BlackFideId "10601457"]
[EventDate "2023.08.30"]
[EventType "k.o."]

1. d4 Nf6 2. c4 g6 3. Nc3 Bg7 4. e4 d6 5. Be2 O-O 6. Be3 Na6 7. h3 e5 8. d5 Nc5
9. Qc2 c6 10. Nf3 cxd5 11. cxd5 Nh5 12. g3 Bd7 13. Nd2 Rc8 14. Nc4 Qe7 15. b4
Na6 16. Qb3 f5 17. exf5 Nf4 18. fxg6 Ng2+ 19. Kd2 Nxe3 20. Nxe3 e4 21. Rac1 Rxf2
22. gxh7+ Kh8 23. Rc2 Qf6 24. Nxe4 Qd4+ 25. Ke1 Qxe4 26. Rxc8+ Bxc8 27. Kxf2
Qxh1 28. Qa4 Nc7 29. Qc2 Qh2+ 30. Kf3 Qh1+ 31. Kf2 Qh2+ 32. Kf3 Qh1+ 33. Kf2 1/2-1/2

[Event "Julius Baer Rapid Div 2 W"]
[Site "chess.com INT"]
[Date "2023.08.30"]
[Round "1.5"]
[White "Esipenko, Andrey"]
[Black "Fedoseev, Vladimir3"]
[Result "1/2-1/2"]
[WhiteTitle "GM"]
[BlackTitle "GM"]
[WhiteElo "2683"]
[BlackElo "2676"]
[WhiteFideId "24175439"]
[BlackFideId "24130737"]
[EventDate "2023.08.30"]
[EventType "k.o."]

1. e4 c5 2. Nf3 d6 3. Bb5+ Nd7 4. d4 cxd4 5. Nxd4 Nf6 6. O-O e6 7. Qe2 Be7 8. c4
O-O 9. Bxd7 Nxd7 10. Nc3 a6 11. Be3 Qc7 12. f4 Re8 13. Rf3 Nf6 14. Rg3 e5 15.
fxe5 dxe5 16. Nb3 Be6 17. Nd5 Bxd5 18. exd5 b5 19. Bh6 g6 20. cxb5 Qb6+ 21. Kh1
Qxb5 22. Qxe5 Qxd5 23. Qxd5 Nxd5 24. Rf1 Rad8 25. Na5 Bf6 26. Nc4 Bh8 27. Rgf3
f5 28. h3 Bg7 29. Bg5 Rb8 30. Rd1 Nb6 31. Na5 Na4 32. Nc6 Rxb2 33. Ne7+ Kh8 34.
Re1 Reb8 35. g4 Rb1 36. Rxb1 Rxb1+ 37. Kg2 Rb2+ 38. Kg3 fxg4 39. hxg4 Nc5 40.
Re3 Bd4 41. Bf4 Kg7 42. Be5+ Bxe5+ 43. Rxe5 Nd7 44. Ra5 Rb6 45. Nd5 Rd6 46. Nc7
Rd3+ 47. Kf4 h6 48. Rxa6 g5+ 49. Kf5 Rf3+ 50. Ke4 Rf4+ 51. Ke3 Rxg4 52. Ra7 Ne5
53. a4 Kg6 54. a5 Ra4 55. a6 g4 56. Ra8 Nc6 57. Rg8+ Kf5 58. Rf8+ Ke5 59. Rh8
Ra3+ 60. Kf2 Ra2+ 61. Kg3 Kd6 62. Nb5+ Kc5 63. Nc7 Kb6 64. Nd5+ Kc5 65. Nc7 Kb6
66. Nd5+ Kc5 67. Nc7 1/2-1/2

[Event "Julius Baer Rapid Div 2 W"]
[Site "chess.com INT"]
[Date "2023.08.31"]
[Round "2.1"]
[White "Nepomniachtchi, Ian"]
[Black "Fedoseev, Vladimir3"]
[Result "0-1"]
[WhiteTitle "GM"]
[BlackTitle "GM"]
[WhiteElo "2779"]
[BlackElo "2676"]
[WhiteFideId "4168119"]
[BlackFideId "24130737"]
[EventDate "2023.08.30"]
[EventType "k.o."]

1. e4 e5 2. Nf3 Nf6 3. d4 Nxe4 4. Bd3 d5 5. Nxe5 Nd7 6. Nc3 Nxe5 7. dxe5 Bb4 8.
O-O Nxc3 9. bxc3 Bxc3 10. Rb1 O-O 11. Bxh7+ Kxh7 12. Qd3+ Kg8 13. Qxc3 a5 14.
Qd3 Qd7 15. Rb5 Qc6 16. Ba3 Re8 17. Rc5 Qb6 18. f4 c6 19. h3 Qa6 20. Qg3 Bf5 21.
Qg5 Be4 22. Bb2 Qb6 23. Bd4 Qd8 24. Qg4 Re6 25. f5 Rh6 26. Rf4 Qf8 27. Kh2 b6
28. Rc3 c5 29. Be3 Rh7 30. Rb3 Qd8 31. f6 Qe8 32. e6 Rb8 33. Bxc5 g6 34. Bd6 Rc8
35. e7 Rc6 36. Be5 Rh5 37. Bd4 Rxc2 38. Rg3 Kh7 39. Bxb6 Rxa2 40. Qd1 Qb8 41.
Rxe4 dxe4 42. Qd8 Qe5 43. e8=Q Rxh3+ 44. Kg1 Qa1+ 0-1

[Event "Julius Baer Rapid Div 2 W"]
[Site "chess.com INT"]
[Date "2023.08.31"]
[Round "2.1"]
[White "Suleymanli, Aydin"]
[Black "Amin, Bassem"]
[Result "1-0"]
[WhiteTitle "GM"]
[BlackTitle "GM"]
[WhiteElo "2586"]
[BlackElo "2684"]
[WhiteFideId "13413937"]
[BlackFideId "10601457"]
[EventDate "2023.08.30"]
[EventType "k.o."]

1. c4 Nf6 2. Nf3 g6 3. Nc3 Bg7 4. e4 d6 5. d4 O-O 6. Be2 e5 7. O-O Nc6 8. d5 Ne7
9. b4 a5 10. bxa5 Rxa5 11. a4 Ne8 12. Ra3 c5 13. Re1 Ra6 14. Bd2 f5 15. exf5
gxf5 16. Nb5 h6 17. Qc1 f4 18. Bd3 Nf5 19. Kh1 Nf6 20. Qc2 Ng4 21. Kg1 Nh4 22.
Bh7+ Kh8 23. h3 Nxf3+ 24. Rxf3 Nf6 25. Bg6 Ng8 26. a5 Ne7 27. Be4 Nf5 28. Kh2
Nh4 29. Rb3 Rf7 30. Rf1 Qg5 31. g3 Nf5 32. Qd1 Qf6 33. Qh5 Ra8 34. gxf4 exf4 35.
Bxf5 Bxf5 36. Bc3 Qe7 37. Qxh6+ Kg8 38. Rg1 Rd8 39. a6 bxa6 40. Nxd6 1-0

[Event "Julius Baer Rapid Div 2 W"]
[Site "chess.com INT"]
[Date "2023.08.31"]
[Round "2.1"]
[White "Aronian, Levon"]
[Black "Sarana, Alexey"]
[Result "0-1"]
[WhiteTitle "GM"]
[BlackTitle "GM"]
[WhiteElo "2742"]
[BlackElo "2685"]
[WhiteFideId "13300474"]
[BlackFideId "24133795"]
[EventDate "2023.08.30"]
[EventType "k.o."]

1. e4 c5 2. Nf3 d6 3. Bc4 Nf6 4. d3 Nc6 5. O-O g6 6. h3 Bg7 7. a3 O-O 8. Re1 e6
9. Nc3 a6 10. Ba2 b5 11. Be3 h6 12. Qd2 Kh7 13. Ne2 Bb7 14. Ng3 Rc8 15. c3 Ne5
16. Nxe5 dxe5 17. b4 Nd7 18. Ne2 Qe7 19. f3 Rfd8 20. Qb2 Qd6 21. Red1 Qc7 22.
Bb3 Bf8 23. Kh1 Nb6 24. Qa2 Rd7 25. Rac1 Rcd8 26. Qb1 Be7 27. c4 bxc4 28. Bxc4
Nxc4 29. Rxc4 Bc6 30. Bxc5 Bb5 31. Rc3 Bxc5 32. bxc5 Qc6 33. Rd2 h5 34. Nc1 Rd4
35. Qa1 Qc7 36. Nb3 R4d7 37. Qe1 Ba4 38. Qe3 Rb8 39. Nc1 Rb1 40. Kh2 Qa5 41. d4
Qd8 42. Ne2 Bc6 43. f4 exf4 44. Qxf4 Re1 45. Rb2 Qe7 46. Rb8 Rxe2 47. d5 exd5
48. Rc8 d4 49. Rg3 Qxe4 0-1

[Event "Julius Baer Rapid Div 2 W"]
[Site "chess.com INT"]
[Date "2023.08.31"]
[Round "2.2"]
[White "Artemiev, Vladislav"]
[Black "Fressinet, Laurent"]
[Result "1-0"]
[WhiteTitle "GM"]
[BlackTitle "GM"]
[WhiteElo "2698"]
[BlackElo "2652"]
[WhiteFideId "24101605"]
[BlackFideId "608742"]
[EventDate "2023.08.30"]
[EventType "k.o."]

1. Nf3 d5 2. g3 Nf6 3. Bg2 e6 4. O-O Be7 5. b3 O-O 6. Bb2 c5 7. c4 Nc6 8. cxd5
Nxd5 9. Nc3 Bf6 10. Qc2 b6 11. Nxd5 Bxb2 12. Qxb2 exd5 13. d4 Qf6 14. Qd2 cxd4
15. Rfd1 Bg4 16. Nxd4 Nxd4 17. Qxd4 Qxd4 18. Rxd4 Bxe2 19. Re1 Rfe8 20. Bxd5
Rad8 21. Bxf7+ Kxf7 22. Rxd8 Rxd8 23. Rxe2 a5 24. Kg2 Rd3 25. Rc2 a4 26. Rc7+
Kf8 27. bxa4 Ra3 28. Rc4 Rxa2 29. Rb4 Ra3 30. h4 g6 31. g4 Kg7 32. f3 h5 33. g5
Kf7 34. Kg3 Ra1 35. Kf4 Ra3 36. Ke4 Ke7 37. f4 Kf7 38. Kd5 Rh3 39. Rxb6 Rxh4 40.
Rb7+ Ke8 41. a5 Kd8 42. a6 Kc8 43. Rb4 1-0

[Event "Julius Baer Rapid Div 2 W"]
[Site "chess.com INT"]
[Date "2023.08.31"]
[Round "2.2"]
[White "Fedoseev, Vladimir3"]
[Black "Nepomniachtchi, Ian"]
[Result "0-1"]
[WhiteTitle "GM"]
[BlackTitle "GM"]
[WhiteElo "2676"]
[BlackElo "2779"]
[WhiteFideId "24130737"]
[BlackFideId "4168119"]
[EventDate "2023.08.30"]
[EventType "k.o."]

1. e4 c5 2. Nf3 e6 3. c3 d5 4. exd5 Qxd5 5. d4 Nf6 6. Na3 Qd8 7. Bf4 Nc6 8. dxc5
Qxd1+ 9. Rxd1 Bxc5 10. Nb5 O-O 11. Be2 a6 12. Bd6 Bxd6 13. Nxd6 Rd8 14. Ng5 Rd7
15. O-O Kf8 16. f4 h6 17. Nge4 Nxe4 18. Nxe4 Ke7 19. g4 b6 20. Bf3 Raa7 21. Kf2
Rac7 22. Rxd7+ Bxd7 23. Rd1 Na5 24. Be2 Bc6 25. Nd2 Bb7 26. a4 g5 27. Ke3 f5 28.
Rf1 e5 29. fxe5 f4+ 30. Kf2 Rd7 31. Rd1 Bc6 32. b3 Rd5 33. h3 Rd8 34. Ke1 Nb7
35. b4 Bxa4 36. Ra1 b5 37. Bf3 Rd7 38. Bxb7 Rxb7 39. Ne4 Rd7 40. Nc5 Rd5 41. e6
Re5+ 42. Kd2 Re3 43. Rh1 Rg3 44. Rh2 Rg1 45. h4 Rd1+ 46. Ke2 Bc2 47. hxg5 hxg5
48. Kf3 Rf1+ 49. Kg2 Re1 50. Kf2 Re3 51. Rh8 Bd1 52. Rg8 Bxg4 53. Rxg5 Bxe6 54.
Rg6 Bd5 55. Rxa6 Rxc3 56. Rb6 Rc2+ 57. Ke1 f3 58. Nd3 Bc4 59. Rb7+ Kd6 60. Rb6+
Kc7 61. Rf6 Bxd3 62. Rxf3 Bc4 63. Rf4 Rb2 64. Kd1 Rxb4 65. Kc1 0-1

[Event "Julius Baer Rapid Div 2 W"]
[Site "chess.com INT"]
[Date "2023.08.31"]
[Round "2.2"]
[White "Amin, Bassem"]
[Black "Suleymanli, Aydin"]
[Result "1/2-1/2"]
[WhiteTitle "GM"]
[BlackTitle "GM"]
[WhiteElo "2684"]
[BlackElo "2586"]
[WhiteFideId "10601457"]
[BlackFideId "13413937"]
[EventDate "2023.08.30"]
[EventType "k.o."]

1. Nf3 Nf6 2. g3 d5 3. Bg2 e6 4. O-O Be7 5. d3 O-O 6. Nbd2 Nc6 7. e4 dxe4 8.
dxe4 e5 9. Nc4 Qxd1 10. Rxd1 Nxe4 11. Nfxe5 Nxe5 12. Nxe5 Nd6 13. a4 Bf6 14. Nd3
Bg4 15. Re1 Rae8 16. Bf4 Nc4 17. Bxc7 Rc8 18. Be5 Nxe5 19. Nxe5 Bxe5 20. Rxe5
Rxc2 21. b4 Rc7 22. Rae1 Be6 23. a5 g6 24. h4 Rd8 25. Bf3 Kg7 26. Kg2 Rd4 27.
Rb5 Bd7 28. Rxb7 Rxb7 29. Bxb7 Rxb4 30. Bf3 Be6 1/2-1/2

[Event "Julius Baer Rapid Div 2 W"]
[Site "chess.com INT"]
[Date "2023.08.31"]
[Round "2.2"]
[White "Sarana, Alexey"]
[Black "Aronian, Levon"]
[Result "0-1"]
[WhiteTitle "GM"]
[BlackTitle "GM"]
[WhiteElo "2685"]
[BlackElo "2742"]
[WhiteFideId "24133795"]
[BlackFideId "13300474"]
[EventDate "2023.08.30"]
[EventType "k.o."]

1. d4 d5 2. c4 c6 3. Nf3 Nf6 4. Nc3 e6 5. e3 Be7 6. b3 Ne4 7. Nxe4 dxe4 8. Nd2
f5 9. Be2 c5 10. dxc5 Bxc5 11. Bb2 O-O 12. a3 a5 13. O-O Qe7 14. Nb1 Bd7 15. Nc3
Bc6 16. Nb5 Nd7 17. Qc2 e5 18. Kh1 Qh4 19. Nc7 Rf6 20. Nxa8 Rh6 21. h3 f4 22.
exf4 exf4 23. Qc3 Rg6 24. Rg1 f3 25. b4 e3 26. Kh2 exf2 0-1

[Event "Julius Baer Rapid Div 2 W"]
[Site "chess.com INT"]
[Date "2023.08.31"]
[Round "2.3"]
[White "Fressinet, Laurent"]
[Black "Artemiev, Vladislav"]
[Result "0-1"]
[WhiteTitle "GM"]
[BlackTitle "GM"]
[WhiteElo "2652"]
[BlackElo "2698"]
[WhiteFideId "608742"]
[BlackFideId "24101605"]
[EventDate "2023.08.30"]
[EventType "k.o."]

1. e4 e5 2. Nf3 Nc6 3. Bb5 a6 4. Ba4 Nf6 5. O-O Be7 6. d3 b5 7. Bb3 O-O 8. a4
Rb8 9. axb5 axb5 10. Nc3 d6 11. h3 h6 12. Bd2 Re8 13. Nd5 Bf8 14. Re1 Nxd5 15.
Bxd5 Ne7 16. Bb3 Nc6 17. c3 Be6 18. d4 Bxb3 19. Qxb3 Qd7 20. Ra6 Nd8 21. d5 f5
22. exf5 Qxf5 23. Ra7 Nb7 24. Be3 Nc5 25. Qa2 Nd3 26. Rf1 Re7 27. b4 Rf7 28. Ra8
Rxa8 29. Qxa8 Nb2 30. Qb7 Qd3 31. Nh2 Nd1 32. Re1 Nxc3 33. Qc8 Qxd5 34. Ng4 Kh7
35. Qe8 e4 36. Bd4 Na4 37. Rxe4 Qf5 38. Re3 Qd7 39. Qb8 Be7 40. Kh2 c5 41. bxc5
dxc5 42. Be5 Rf8 43. Qc7 Qxc7 44. Bxc7 Bg5 45. Rb3 b4 46. g3 h5 47. f4 hxg4 48.
fxg5 Rf2+ 49. Kg1 Rf3 50. Rb1 Nc3 51. Re1 b3 52. Be5 b2 53. Bxc3 Rxc3 0-1

[Event "Julius Baer Rapid Div 2 W"]
[Site "chess.com INT"]
[Date "2023.08.31"]
[Round "2.3"]
[White "Nepomniachtchi, Ian"]
[Black "Fedoseev, Vladimir3"]
[Result "1-0"]
[WhiteTitle "GM"]
[BlackTitle "GM"]
[WhiteElo "2779"]
[BlackElo "2676"]
[WhiteFideId "4168119"]
[BlackFideId "24130737"]
[EventDate "2023.08.30"]
[EventType "k.o."]

1. e4 e5 2. Nf3 Nf6 3. Nxe5 d6 4. Nf3 Nxe4 5. d4 d5 6. Bd3 Bd6 7. O-O O-O 8. c4
c6 9. Qc2 Nd7 10. Nc3 Ndf6 11. h3 Re8 12. cxd5 Nxc3 13. bxc3 cxd5 14. Bg5 h6 15.
Bh4 g5 16. Bg3 Nh5 17. Bxd6 Qxd6 18. Rfe1 Rxe1+ 19. Rxe1 Bd7 20. Ne5 Re8 21. Re3
Nf4 22. Bf5 Bxf5 23. Qxf5 Qe6 24. Qb1 Qa6 25. h4 Kg7 26. hxg5 Ne2+ 27. Kh2 hxg5
28. Rh3 Rh8 29. Rxh8 Kxh8 30. Nxf7+ Kg7 31. Nxg5 Qd6+ 32. g3 Qh6+ 33. Nh3 Qc6
34. Qf5 Nxc3 35. Nf4 Kg8 36. Ne6 Qe8 37. Qf6 Qd7 38. Qg6+ Kh8 39. Ng5 Qg7 40.
Qh5+ Kg8 41. Qe8+ Qf8 42. Qe6+ Kg7 43. f4 Ne4 44. Qxd5 Nf6 45. Qxb7+ Kg6 46.
Qb1+ Kh5 47. Qd1+ Kg6 48. Qd3+ Kh5 49. Qf3+ Kg6 50. f5+ Kh6 51. Ne6 Qd6 52. Qe3+
Kh7 53. Qg5 Qe7 54. Qg6+ Kh8 55. Kh3 Nh7 56. d5 a5 57. d6 Qb7 58. Qe8+ 1-0

[Event "Julius Baer Rapid Div 2 W"]
[Site "chess.com INT"]
[Date "2023.08.31"]
[Round "2.3"]
[White "Suleymanli, Aydin"]
[Black "Amin, Bassem"]
[Result "1/2-1/2"]
[WhiteTitle "GM"]
[BlackTitle "GM"]
[WhiteElo "2586"]
[BlackElo "2684"]
[WhiteFideId "13413937"]
[BlackFideId "10601457"]
[EventDate "2023.08.30"]
[EventType "k.o."]

1. d4 Nf6 2. c4 g6 3. Nc3 Bg7 4. e4 d6 5. Nf3 O-O 6. Be2 e5 7. O-O Nbd7 8. Be3
Qe7 9. Qc2 c6 10. Rad1 h6 11. d5 c5 12. Ne1 h5 13. Qc1 Ng4 14. Bg5 f6 15. Bd2 f5
16. exf5 gxf5 17. h3 Ngf6 18. Bg5 Qf7 19. f4 a6 20. fxe5 Nxe5 21. Nf3 Bd7 22.
Kh1 Rae8 23. Nxe5 dxe5 24. Bxf6 Qxf6 25. Bxh5 Bh6 26. Bxe8 Bxc1 27. Bxd7 Bxb2
28. Rxf5 Qh4 29. Be6+ Kg7 30. Rxf8 Kxf8 31. Na4 Bd4 32. Rf1+ Kg7 33. d6 e4 34.
d7 e3 35. Bg4 b5 36. Nb6 Be5 37. Nd5 Qg3 38. Nf4 Bxf4 39. Rxf4 Qxf4 40. d8=Q
Qf1+ 41. Kh2 Qf4+ 42. Kg1 Qf2+ 43. Kh2 Qf4+ 44. Kg1 Qf2+ 45. Kh2 Qf4+ 1/2-1/2

[Event "Julius Baer Rapid Div 2 W"]
[Site "chess.com INT"]
[Date "2023.08.31"]
[Round "2.3"]
[White "Aronian, Levon"]
[Black "Sarana, Alexey"]
[Result "1-0"]
[WhiteTitle "GM"]
[BlackTitle "GM"]
[WhiteElo "2742"]
[BlackElo "2685"]
[WhiteFideId "13300474"]
[BlackFideId "24133795"]
[EventDate "2023.08.30"]
[EventType "k.o."]

1. e4 c5 2. Nf3 d6 3. Bc4 Nf6 4. d3 Nc6 5. O-O g6 6. h3 Bg7 7. a3 O-O 8. Re1 e6
9. Nc3 a6 10. Ba2 b5 11. Be3 h6 12. Qd2 Kh7 13. Ne2 Bb7 14. Ng3 Rc8 15. c3 Qd7
16. Rad1 Rfd8 17. Bb1 Ne5 18. Nh2 Nc6 19. f4 e5 20. Nf3 Qe7 21. Qf2 exf4 22.
Bxf4 Ne5 23. Nh2 Re8 24. Rf1 Rcd8 25. d4 cxd4 26. cxd4 Nc4 27. Rde1 Qd7 28. Bxh6
Kxh6 29. Nf5+ gxf5 30. Qh4+ Nh5 31. Rxf5 Bxd4+ 32. Kh1 Qxf5 33. exf5 Bf6 34.
Ng4+ Kg7 35. Nxf6 Rxe1+ 36. Qxe1 Nxf6 37. Qh4 Rg8 38. Qg5+ Kf8 39. Qxf6 Rxg2 40.
Qd8+ Kg7 41. f6+ Kh6 42. Qf8+ Kg5 43. Qxf7 Rxb2+ 44. Qxb7 Rxb1+ 45. Kg2 Rb2+ 46.
Kg1 Rb1+ 47. Kf2 Rb2+ 48. Ke1 Kxf6 49. h4 Rb1+ 50. Ke2 Rb2+ 51. Ke1 Rb1+ 52. Kf2
Rb2+ 53. Kg3 Rb3+ 54. Kf4 Rxa3 55. Qd5 Ra4 56. Qf5+ Ke7 57. Qh7+ Ke6 58. Qg8+
Kf6 59. Qf8+ Ke6 60. Kg5 Ne5 61. Qe8+ Kd5 62. h5 Nf3+ 63. Kf5 Nh4+ 64. Kf6 Rf4+
65. Kg5 Re4 66. Qf7+ Kd4 67. h6 Ke3 68. Qb3+ Kf2 69. Qc2+ Ke3 70. Qxe4+ Kxe4 1-0

[Event "Julius Baer Rapid Div 2 W"]
[Site "chess.com INT"]
[Date "2023.08.31"]
[Round "2.4"]
[White "Fedoseev, Vladimir3"]
[Black "Nepomniachtchi, Ian"]
[Result "0-1"]
[WhiteTitle "GM"]
[BlackTitle "GM"]
[WhiteElo "2676"]
[BlackElo "2779"]
[WhiteFideId "24130737"]
[BlackFideId "4168119"]
[EventDate "2023.08.30"]
[EventType "k.o."]

1. d4 Nf6 2. c4 e6 3. g3 d5 4. Bg2 Be7 5. Nd2 O-O 6. Nh3 c5 7. dxc5 Bxc5 8. O-O
Nc6 9. Nf4 dxc4 10. Nxc4 Qe7 11. Nd3 Rd8 12. Bd2 Bd4 13. Rc1 e5 14. Bxc6 bxc6
15. e3 Bb6 16. Ndxe5 Bh3 17. Nxb6 axb6 18. Nxc6 Qb7 19. f3 Rdc8 20. Qc2 Kh8 21.
Rfd1 Bd7 22. Bc3 Bxc6 23. e4 Ba4 24. b3 Bd7 25. Qb2 Ne8 26. g4 Kg8 27. h4 Be6
28. Kg2 b5 29. Rd4 Rc6 30. h5 h6 31. Qd2 Rac8 32. Bb2 Rxc1 33. Bxc1 Qa7 34. Rb4
Qa5 35. Bb2 Qxa2 36. Rxb5 Bxb3 37. Kg3 Rc2 38. Qd8 Qxb2 39. Qxe8+ Kh7 40. Kf4
Qc1+ 41. Ke5 Qg5+ 42. Kd4 Qd2+ 43. Ke5 f6+ 0-1